El Partido Comunista de Costa Rica, 1931-1935: los documentos del Archivo Ruso del Comintern /

Gespeichert in:
Bibliographische Detailangaben
1. Verfasser: Ching A, Erick
Format: Text
Schlagworte:
Tags: Tag hinzufügen
Keine Tags, Fügen Sie den ersten Tag hinzu!

MARC

LEADER 00000 a a2200000 04500
001 15614
003
040
100 |a Ching A, Erick  
245 |a El Partido Comunista de Costa Rica, 1931-1935:   |b los documentos del Archivo Ruso del Comintern /  |c Erick Ching A 
650 |a PARTIDOS POLITICOS  
650 |a IDEOLOGIAS POLITICAS  
650 |a DOCUMENTOS  
650 |a ANALISIS HISTORICO  
650 |a INVESTIGACION  
650 |a SISTEMAS POLITICOS  
650 |a POLITICA  
773 |g número 37; páginas 7-226  
999 |c 26029  |d 26029